| 000 | 00695nam a2200217 a 4500 | ||
|---|---|---|---|
| 001 | 0972 | ||
| 005 | 20140414132145.0 | ||
| 008 | 041008s19uu xx 00 eng d | ||
| 020 | _a0-590-76964-2 | ||
| 050 |
_aKIT (SER) 599.8 _bC16 1998 |
||
| 100 | _aCanizares, Susan | ||
| 245 |
_aMonkeys / _cSusan Canizares, Pamela Chanko. |
||
| 260 |
_aNew York : _bScholastic, _c1998. |
||
| 300 | _av. p. : ill. ; cm. | ||
| 440 | _aScience emergent readers | ||
| 500 | _a"Scholastic early childhood"--Includes index | ||
| 520 | _aPhotographs and simple text daily activities of monkeys in the Amazon rainforest. | ||
| 650 |
_aMonkeys _xJuvenile literature. |
||
| 999 |
_c115424 _d115424 |
||